[Event "CHN-chT Div A Finals"]
[Site "Nanjing"]
[Date "2023.12.05"]
[Round "4.1"]
[White "Liu, Qingnan"]
[Black "Xu, Yi"]
[Result "1/2-1/2"]
[WhiteElo "2545"]
[BlackElo "2500"]
[PlyCount "120"]
[EventDate "2023.12.02"]
[EventType "team-tourn"]
[EventRounds "10"]
[EventCountry "CHN"]
[SourceTitle "CB50_2023"]
[SourceDate "2023.12.13"]
[SourceVersion "1"]
[SourceVersionDate "2023.12.13"]
[SourceQuality "1"]
[WhiteTeam "Shandong"]
[BlackTeam "Shanghai"]
[WhiteTeamCountry "CHN"]
[BlackTeamCountry "CHN"]

1. e4 e5 2. Nf3 Nf6 3. d4 Nxe4 4. Bd3 d5 5. Nxe5 Nd7 6. Nc3 Nxc3 7. bxc3 Bd6 8. 0-0 0-0 9. Re1 c5 10. Qf3 c4 11. Bf1 Nb6 12. a4 Be6 13. g3 Nd7 14. Bg2 Qc7 15. Ng4 Rae8 16. Bg5 Qa5 17. Reb1 f6 18. Bd2 f5 19. Ne5 Bxe5 20. dxe5 Nxe5 21. Qf4 Ng6 22. Qd4 Qa6 23. Re1 Bf7 24. Be3 f4 25. Bd2 Rxe1+ 26. Bxe1 fxg3 27. fxg3 Ne7 28. Bf2 Qa5 29. Qxa7 Qxc3 30. Rf1 Qb2 31. Bd4 Nc6 32. Bxb2 Nxa7 33. Ba3 Ra8 34. Rb1 Nc6 35. Rxb7 Rxa4 36. Rc7 h6 37. Bc5 Ne5 38. Bd4 Ng4 39. Rc8+ Kh7 40. Rc7 Kg6 41. Bf3 Nf6 42. Kf2 Be6 43. Ke3 Ra2 44. h4 Rxc2 45. h5+ Nxh5 46. Re7 Bh3 47. Bxd5 Nf6 48. Be4+ Nxe4 49. Rxe4 Rg2 50. Kf4 Kf7 51. Bc3 Rf2+ 52. Ke3 Rg2 53. Kf3 Rc2 54. Rxc4 g5 55. Rc5 Kg6 56. g4 Bg2+ 57. Ke3 h5 58. gxh5+ Kxh5 59. Bd4 Rxc5 60. Bxc5 Kg6 1/2-1/2

[Event "CHN-chT Div A Finals"]
[Site "Nanjing"]
[Date "2023.12.04"]
[Round "3.11"]
[White "Xu, Yi"]
[Black "Liu, Qingnan"]
[Result "1-0"]
[WhiteElo "2500"]
[BlackElo "2545"]
[PlyCount "101"]
[EventDate "2023.12.02"]
[EventType "team-tourn"]
[EventRounds "10"]
[EventCountry "CHN"]
[SourceTitle "CB50_2023"]
[SourceDate "2023.12.13"]
[SourceVersion "1"]
[SourceVersionDate "2023.12.13"]
[SourceQuality "1"]
[WhiteTeam "Shanghai"]
[BlackTeam "Shandong"]
[WhiteTeamCountry "CHN"]
[BlackTeamCountry "CHN"]

1. e4 e5 2. Nf3 Nf6 3. d4 Nxe4 4. Bd3 d5 5. Nxe5 Nd7 6. Nxd7 Bxd7 7. 0-0 Bd6 8. Qh5 0-0 9. Qxd5 Bc6 10. Qh5 g6 11. Qh3 Ng5 12. Bxg5 Qxg5 13. Nc3 Rae8 14. Rae1 Kg7 15. Be4 Bxe4 16. Nxe4 Qd5 17. Qxh7+ Kxh7 18. Nf6+ Kg7 19. Nxd5 c5 20. dxc5 Bxc5 21. Nf4 Bd6 22. Rxe8 Rxe8 23. Nd3 Rc8 24. c3 g5 25. g3 f5 26. f4 g4 27. Kg2 b5 28. h3 gxh3+ 29. Kxh3 Kf6 30. Kg2 a5 31. Rc1 a4 32. Kf3 Ke6 33. Nb4 Kf6 34. Nd5+ Ke6 35. Ne3 b4 36. c4 Bc5 37. Re1 b3 38. axb3 axb3 39. Rd1 Bf8 40. Rd5 Bg7 41. Nxf5 Bxb2 42. Rd6+ Kf7 43. Rb6 Ba3 44. Rxb3 Bf8 45. Rb7+ Kf6 46. Rb6+ Kf7 47. Nd6+ Bxd6 48. Rxd6 Rxc4 49. g4 Ke7 50. Ra6 Rc1 51. g5 1-0

[Event "CHN-chT DivA"]
[Site "Fuling"]
[Date "2023.06.16"]
[Round "10.2"]
[White "Xiu, Deshun"]
[Black "Liu, Qingnan"]
[Result "1-0"]
[WhiteElo "2507"]
[BlackElo "2532"]
[PlyCount "131"]
[EventDate "2023.06.05"]
[EventType "team-tourn"]
[EventRounds "11"]
[EventCountry "CHN"]
[SourceTitle "CBM 214 Extra"]
[Source "ChessBase"]
[SourceDate "2023.07.31"]
[SourceVersion "1"]
[SourceVersionDate "2023.07.31"]
[SourceQuality "1"]
[WhiteTeam "Beijing"]
[BlackTeam "Shandong"]
[WhiteTeamCountry "CHN"]
[BlackTeamCountry "CHN"]

1. d4 d5 2. c4 c6 3. Nf3 Nf6 4. e3 e6 5. b3 Nbd7 6. Bd3 Bd6 7. Bb2 b6 8. 0-0 Bb7 9. Nbd2 Qe7 10. e4 dxe4 11. Nxe4 Nxe4 12. Bxe4 Nf6 13. Bc2 Ba3 14. Bc3 Bb4 15. Bb2 Ba3 16. Bc3 Bb4 17. Qd2 a5 18. a3 Bxc3 19. Qxc3 0-0 20. b4 b5 21. c5 Nd5 22. Qd3 g6 23. Qd2 Rfd8 24. Bb3 Qc7 25. g3 a4 26. Ba2 Bc8 27. Rfe1 Kg7 28. Re5 f6 29. Re4 Qf7 30. Rae1 Ra7 31. Qc1 Re7 32. R4e2 Nc7 33. Qb2 Qe8 34. h4 h5 35. Bb1 Rd5 36. Be4 Rd8 37. Bb1 Rd5 38. Nd2 Qf8 39. Be4 Rd8 40. Bxc6 Bd7 41. Bg2 Be8 42. d5 Nxd5 43. Rxe6 Rxe6 44. Rxe6 Qf7 45. Re2 Ne7 46. Ne4 Nf5 47. Rd2 Qe7 48. Kh2 Bc6 49. Rxd8 Qxd8 50. Nxf6 Bxg2 51. Ne4+ Qd4 52. Qxd4+ Nxd4 53. Kxg2 Kf7 54. Nc3 Ke6 55. f3 Kd7 56. g4 Kc6 57. Kg3 Nc2 58. Nb1 Kd5 59. Kf4 Nd4 60. gxh5 gxh5 61. Kg5 Nxf3+ 62. Kxh5 Ne5 63. Kg5 Nf3+ 64. Kg4 Nd4 65. h5 Ke5 66. Nc3 1-0

[Event "CHN-chT DivA"]
[Site "Fuling"]
[Date "2023.06.11"]
[Round "6.4"]
[White "Zhu, Jiner"]
[Black "Liu, Qingnan"]
[Result "1/2-1/2"]
[WhiteElo "2507"]
[BlackElo "2532"]
[PlyCount "82"]
[EventDate "2023.06.05"]
[EventType "team-tourn"]
[EventRounds "11"]
[EventCountry "CHN"]
[SourceTitle "CBM 214 Extra"]
[Source "ChessBase"]
[SourceDate "2023.07.31"]
[SourceVersion "1"]
[SourceVersionDate "2023.07.31"]
[SourceQuality "1"]
[WhiteTeam "Zhejiang Shaoxing"]
[BlackTeam "Shandong"]
[WhiteTeamCountry "CHN"]
[BlackTeamCountry "CHN"]

1. e4 e5 2. Nf3 Nf6 3. d4 Nxe4 4. Bd3 d5 5. Nxe5 Nd7 6. Nc3 Nxc3 7. bxc3 Bd6 8. 0-0 0-0 9. Re1 Bxe5 10. dxe5 Nc5 11. Bf1 b6 12. Be3 Re8 13. Qh5 Be6 14. Rad1 Qd7 15. Qh4 Bf5 16. Bxc5 bxc5 17. c4 Qa4 18. Qg5 Bxc2 19. Rxd5 Qxa2 20. e6 Bg6 21. e7 Qa5 22. Qe3 c6 23. Rd8 f6 24. Rxa8 Rxa8 25. Bd3 Bf7 26. Bf5 Qc7 27. Qxc5 g6 28. Be4 Rc8 29. Bf3 Kg7 30. g3 a5 31. h4 h5 32. Kg2 Re8 33. Re3 Rc8 34. Ra3 Re8 35. Re3 a4 36. Kh2 a3 37. Rxa3 Qxe7 38. Ra5 Qxc5 39. Rxc5 Rc8 40. Rxc6 Rxc6 41. Bxc6 Bxc4 1/2-1/2

[Event "CHN-chT Div A"]
[Site "Liaocheng"]
[Date "2023.02.10"]
[Round "5.2"]
[White "Liu, Qingnan"]
[Black "Xu, Xiangyu"]
[Result "1/2-1/2"]
[WhiteElo "2531"]
[BlackElo "2578"]
[PlyCount "110"]
[EventDate "2023.02.06"]
[EventType "team-tourn"]
[EventRounds "6"]
[EventCountry "CHN"]
[SourceTitle "CBM 212 Extra"]
[Source "ChessBase"]
[SourceDate "2023.03.31"]
[SourceVersion "1"]
[SourceVersionDate "2023.03.31"]
[SourceQuality "1"]
[WhiteTeam "Shandong"]
[BlackTeam "Chengdu Beilei"]
[WhiteTeamCountry "CHN"]
[BlackTeamCountry "CHN"]

1. e4 e6 2. d4 d5 3. Nc3 Bb4 4. Nge2 dxe4 5. a3 Bxc3+ 6. Nxc3 Nc6 7. Bb5 Nge7 8. Be3 0-0 9. Qd2 e5 10. Bxc6 Nxc6 11. dxe5 Nxe5 12. Qxd8 Rxd8 13. Bf4 f6 14. 0-0 Bf5 15. Rfe1 Rd4 16. Ne2 Rc4 17. Bxe5 fxe5 18. Ng3 g6 19. c3 Rd8 20. Re2 h5 21. Rae1 h4 22. Nf1 Ra4 23. Nd2 Kg7 24. f3 exf3 25. Nxf3 e4 26. Nxh4 Kf6 27. g3 Ra5 28. Rf2 Kg7 29. Nxf5+ gxf5 30. g4 Re8 31. gxf5 Kf6 32. Rf4 Rae5 33. Kg2 e3 34. Re2 b6 35. Kf3 Rh8 36. Kg3 Rg8+ 37. Kf3 Rh8 38. h4 Rxf5 39. Rxf5+ Kxf5 40. Rh2 Re8 41. h5 c6 42. b4 Kg5 43. Ke2 Kh6 44. Rh3 Re5 45. Rxe3 Rxh5 46. Re6+ Kg5 47. Rxc6 Rh2+ 48. Kd3 Ra2 49. Ke4 Rxa3 50. b5 Ra1 51. c4 Re1+ 52. Kd5 Rd1+ 53. Ke6 Kf4 54. Rc7 Ra1 55. Kd7 Ke5 1/2-1/2

[Event "CHN-chT Div A"]
[Site "Liaocheng"]
[Date "2023.02.09"]
[Round "4.2"]
[White "Lin, Yi1111"]
[Black "Liu, Qingnan"]
[Result "1/2-1/2"]
[WhiteElo "2395"]
[BlackElo "2531"]
[PlyCount "65"]
[EventDate "2023.02.06"]
[EventType "team-tourn"]
[EventRounds "6"]
[EventCountry "CHN"]
[SourceTitle "CBM 212 Extra"]
[Source "ChessBase"]
[SourceDate "2023.03.31"]
[SourceVersion "1"]
[SourceVersionDate "2023.03.31"]
[SourceQuality "1"]
[WhiteTeam "Hangzhou Zhenjiang"]
[BlackTeam "Shandong"]
[WhiteTeamCountry "CHN"]
[BlackTeamCountry "CHN"]

1. d4 d5 2. c4 c6 3. cxd5 cxd5 4. Bf4 Nc6 5. e3 Nf6 6. Nc3 Bf5 7. Nf3 e6 8. Qb3 Bb4 9. Bb5 0-0 10. Bxc6 Bxc3+ 11. Qxc3 Rc8 12. Ne5 Ng4 13. Qb4 Nxe5 14. Bxe5 Rxc6 15. Qxb7 Qc8 16. Qxc8 Rfxc8 17. 0-0 f6 18. Bg3 Rc2 19. b4 Rb2 20. a3 h5 21. h4 Rc6 22. Rfc1 Bc2 23. Bb8 a6 24. Ba7 Rc3 25. Bc5 Rd3 26. a4 Rd2 27. b5 Bxa4 28. Rxa4 Rxf2 29. bxa6 Rxg2+ 30. Kh1 Rh2+ 31. Kg1 Rhg2+ 32. Kh1 Rh2+ 33. Kg1 1/2-1/2

[Event "CHN-chT"]
[Site "China"]
[Date "2019.12.04"]
[Round "19.3"]
[White "Malakhov, Vladimir"]
[Black "Liu, Qingnan"]
[Result "1/2-1/2"]
[WhiteElo "2668"]
[BlackElo "2533"]
[PlyCount "77"]
[EventDate "2019.04.09"]
[EventType "team-tourn"]
[EventRounds "22"]
[EventCountry "CHN"]
[SourceTitle "CBM 195 Extra"]
[Source "ChessBase"]
[SourceDate "2020.05.31"]
[SourceVersion "1"]
[SourceVersionDate "2020.05.31"]
[SourceQuality "1"]
[WhiteTeam "Tianjin"]
[BlackTeam "Shandong Jingzhi"]
[WhiteTeamCountry "CHN"]
[BlackTeamCountry "CHN"]

1. Nf3 d5 2. e3 Nf6 3. c4 e6 4. Nc3 Be7 5. b3 b6 6. Bb2 dxc4 7. bxc4 c5 8. g3 Bb7 9. Bg2 0-0 10. 0-0 Nc6 11. Qe2 Nb4 12. d4 cxd4 13. exd4 Rc8 14. Rfd1 Ba6 15. Ne5 Qc7 16. Nb5 Bxb5 17. cxb5 Qc2 18. Rd2 Qa4 19. a3 Nbd5 20. Nc6 Bd6 21. Qd1 Qxd1+ 22. Rdxd1 a6 23. a4 Rc7 24. Rdc1 Rfc8 25. Bc3 a5 26. Bd2 h6 27. Kf1 Kf8 28. Ke2 Ne7 29. Nxe7 Kxe7 30. Bc6 Nd5 31. Kd3 Bb4 32. Bxd5 Rxc1 33. Rxc1 Rxc1 34. Bxc1 exd5 35. g4 Bd6 36. h4 f5 37. f3 Kf6 38. Ke2 g5 39. h5 1/2-1/2

[Event "CHN-chT"]
[Site "China"]
[Date "2019.07.27"]
[Round "11.1"]
[White "Lu, Shanglei"]
[Black "Liu, Qingnan"]
[Result "1/2-1/2"]
[WhiteElo "2625"]
[BlackElo "2543"]
[PlyCount "101"]
[EventDate "2019.04.09"]
[EventType "team-tourn"]
[EventRounds "22"]
[EventCountry "CHN"]
[SourceTitle "EXT 2020"]
[Source "ChessBase"]
[SourceDate "2019.10.17"]
[SourceVersion "1"]
[SourceVersionDate "2019.10.17"]
[SourceQuality "1"]
[WhiteTeam "Zhejiang"]
[BlackTeam "Shandong Jingzhi"]
[WhiteTeamCountry "CHN"]
[BlackTeamCountry "CHN"]

1. e4 e5 2. Bc4 Nf6 3. d3 Nc6 4. Nf3 Bc5 5. 0-0 d6 6. c3 a6 7. Nbd2 Ba7 8. Bb3 0-0 9. h3 Ne7 10. Re1 Ng6 11. Nf1 h6 12. Ng3 c5 13. d4 cxd4 14. cxd4 Re8 15. Be3 Be6 16. Rc1 Bxb3 17. Qxb3 exd4 18. Bxd4 Bxd4 19. Nxd4 d5 20. e5 Nxe5 21. Qxb7 Qb8 22. Qxb8 Raxb8 23. b3 Nd3 24. Rxe8+ Rxe8 25. Rd1 Nf4 26. Kf1 Kf8 27. Ndf5 g6 28. Ne3 Rc8 29. Ne2 Nxe2 30. Kxe2 Rc5 31. b4 Rb5 32. Rb1 Ke7 33. a4 Rb8 34. Kd3 Kd6 35. Kd4 Re8 36. f3 Nh5 37. Nxd5 Re2 38. Nc3 Rxg2 39. b5 axb5 40. axb5 Nf6 41. b6 Nd7 42. b7 Kc7 43. Nd5+ Kb8 44. Ne7 Rd2+ 45. Kc4 Ne5+ 46. Kc5 Rd7 47. Nc6+ Nxc6 48. Kxc6 Rd3 49. Re1 Rc3+ 50. Kb6 Rb3+ 51. Ka6 1/2-1/2

[Event "CHN-chT"]
[Site "Daqing"]
[Date "2019.06.20"]
[Round "2.1"]
[White "Zou, Chen"]
[Black "Liu, Qingnan"]
[Result "0-1"]
[WhiteElo "2415"]
[BlackElo "2551"]
[PlyCount "138"]
[EventDate "2019.06.19"]
[EventType "team-swiss"]
[EventRounds "9"]
[EventCountry "CHN"]
[SourceTitle "CBM 191 Extra"]
[Source "ChessBase"]
[SourceDate "2019.09.30"]
[SourceVersion "1"]
[SourceVersionDate "2019.09.30"]
[SourceQuality "1"]
[WhiteTeam "Hangzhou"]
[BlackTeam "Shandong"]
[WhiteTeamCountry "CHN"]
[BlackTeamCountry "CHN"]

1. d4 g6 2. e4 Bg7 3. Nf3 d6 4. Bc4 a6 5. 0-0 e6 6. Re1 Nd7 7. Nbd2 b5 8. Bd3 c5 9. c3 Bb7 10. a4 c4 11. Bc2 Ngf6 12. Nf1 0-0 13. Ng3 Qc7 14. Bg5 e5 15. Qd2 Rfe8 16. Bh6 Bh8 17. h3 d5 18. axb5 axb5 19. Rxa8 Bxa8 20. Nxe5 Nxe5 21. Bf4 Nfd7 22. dxe5 Nxe5 23. exd5 Qd6 24. Rd1 f5 25. Qe3 Bf6 26. Bg5 Nf3+ 27. Qxf3 Bxg5 28. Nxf5 gxf5 29. Qxf5 Qg6 30. Qd7 Qf7 31. Qg4 Qf4 32. Qh5 Re7 33. d6 Rf7 34. Qe2 Bh4 35. Rf1 Qxd6 36. Qg4+ Rg7 37. Bxh7+ Kh8 38. Bg6 Be7 39. Qh5+ Kg8 40. Qxb5 Qc6 41. Qxc6 Bxc6 42. Re1 Rxg6 43. Rxe7 Bxg2 44. h4 Bf3+ 45. Kh2 Bd5 46. Kh3 Rf6 47. Re5 Be6+ 48. Kg3 Kf7 49. Rc5 Rf5 50. Rc7+ Kf6 51. Rb7 Bd5 52. Rb5 Bf7 53. Rb6+ Ke5 54. f3 Bd5 55. Rb5 Rxf3+ 56. Kg4 Rf4+ 57. Kg3 Rf3+ 58. Kg4 Rd3 59. b3 Rxc3 60. bxc4 Rxc4+ 61. Kg5 Rc1 62. Kh5 Rg1 63. Ra5 Ke4 64. Ra4+ Kf5 65. Ra5 Rd1 66. Rb5 Rd4 67. Ra5 Kf6 68. Ra6+ Be6 69. Rb6 Rd8 0-1

[Event "CHN-chT"]
[Site "China"]
[Date "2018.11.28"]
[Round "20.3"]
[White "Liu, Qingnan"]
[Black "Xu, Xiangyu"]
[Result "1/2-1/2"]
[WhiteElo "2538"]
[BlackElo "2565"]
[PlyCount "60"]
[EventDate "2018.04.11"]
[EventType "team-tourn"]
[EventRounds "22"]
[EventCountry "CHN"]
[SourceTitle "CBM 187 Extra"]
[Source "ChessBase"]
[SourceDate "2018.11.04"]
[SourceVersion "1"]
[SourceVersionDate "2018.11.04"]
[SourceQuality "1"]
[WhiteTeam "Shenzhen Longgang"]
[BlackTeam "Chendu Beilei Youth"]
[WhiteTeamCountry "CHN"]
[BlackTeamCountry "CHN"]

1. e4 e5 2. Nf3 Nf6 3. Nxe5 d6 4. Nf3 Nxe4 5. d4 d5 6. Bd3 Bd6 7. 0-0 0-0 8. c4 c6 9. Re1 Bf5 10. Qb3 Qd7 11. Nc3 Nxc3 12. Bxf5 Qxf5 13. bxc3 b6 14. cxd5 cxd5 15. Ba3 Bxa3 16. Qxa3 Nc6 17. Qd6 Rac8 18. Ne5 Nxe5 19. Rxe5 Qc2 20. Qxd5 Qxc3 21. Rae1 Rcd8 22. Qxd8 Qxe1+ 23. Rxe1 Rxd8 24. Re7 g6 25. Rxa7 Rxd4 26. g3 b5 27. Ra5 Rd2 28. Rxb5 Rxa2 29. h4 h5 30. Kg2 Kg7 1/2-1/2

[Event "CHN-chT"]
[Site "China"]
[Date "2018.08.23"]
[Round "13.6"]
[White "Liu, Qingnan"]
[Black "Zou, Chen"]
[Result "1-0"]
[WhiteElo "2527"]
[BlackElo "2363"]
[PlyCount "81"]
[EventDate "2018.04.11"]
[EventType "team-tourn"]
[EventRounds "22"]
[EventCountry "CHN"]
[SourceTitle "EXT 2019"]
[Source "ChessBase"]
[SourceDate "2018.10.10"]
[SourceVersion "1"]
[SourceVersionDate "2018.10.10"]
[SourceQuality "1"]
[WhiteTeam "Shenzhen Longgang"]
[BlackTeam "Hangzhou Turbine"]
[WhiteTeamCountry "CHN"]
[BlackTeamCountry "CHN"]

1. e4 c5 2. Ne2 d6 3. g3 Nc6 4. Bg2 g6 5. c3 Bg7 6. d4 cxd4 7. cxd4 Nf6 8. d5 Nb8 9. Nbc3 0-0 10. h3 Na6 11. Be3 Bd7 12. Qd2 Qa5 13. 0-0 Rfc8 14. a3 Qd8 15. Nd4 Be8 16. f4 Nd7 17. b3 Nac5 18. Rab1 Nf8 19. Bf2 a6 20. Rfe1 Ncd7 21. Na4 Nc5 22. Nc3 Ncd7 23. Nd1 Rc7 24. Nb2 Nc5 25. e5 Rac8 26. Re2 Bh6 27. exd6 exd6 28. Rbe1 Bd7 29. Qd1 a5 30. Nc4 Nxb3 31. Nxd6 Nxd4 32. Qxd4 Bg7 33. Qb6 Rb8 34. Re7 Rc2 35. Qxd8 Rxd8 36. Nxf7 Rdc8 37. Nd6 R8c3 38. Rxg7+ Kxg7 39. Bd4+ Kh6 40. g4 g5 41. f5 1-0

[Event "CHN-chT"]
[Site "China"]
[Date "2018.07.13"]
[Round "11.5"]
[White "Harikrishna, Pentala"]
[Black "Liu, Qingnan"]
[Result "1-0"]
[WhiteElo "2727"]
[BlackElo "2527"]
[PlyCount "109"]
[EventDate "2018.04.11"]
[EventType "team-tourn"]
[EventRounds "22"]
[EventCountry "CHN"]
[SourceTitle "EXT 2019"]
[Source "ChessBase"]
[SourceDate "2018.10.10"]
[SourceVersion "1"]
[SourceVersionDate "2018.10.10"]
[SourceQuality "1"]
[WhiteTeam "Shanghai China Mobil"]
[BlackTeam "Shenzhen Longgang"]
[WhiteTeamCountry "CHN"]
[BlackTeamCountry "CHN"]

1. e4 e5 2. Nf3 Nf6 3. Nxe5 d6 4. Nf3 Nxe4 5. d4 d5 6. Bd3 Bd6 7. 0-0 0-0 8. c4 c6 9. Re1 Bf5 10. Qb3 Na6 11. Nc3 Nec5 12. dxc5 Nxc5 13. Bxf5 Nxb3 14. axb3 dxc4 15. bxc4 Re8 16. Be3 Qc7 17. g3 b6 18. Kg2 Bc5 19. Bf4 Rxe1 20. Rxe1 Bd6 21. Bd2 Bb4 22. h4 a5 23. h5 h6 24. Bf4 Bd6 25. Be3 Bc5 26. Bxc5 bxc5 27. Na4 Qd6 28. Re5 Rb8 29. Be4 Kf8 30. Rxc5 Rb4 31. Rxa5 Qc7 32. Ra8+ Ke7 33. b3 f5 34. Bc2 f4 35. Nc5 fxg3 36. fxg3 Qb6 37. Nd3 Qe3 38. Nf4 Qc3 39. Ra2 Rb8 40. Ne2 Qf6 41. Bg6 Rxb3 42. Ned4 Rc3 43. Rd2 Rc1 44. Nf5+ Kf8 45. Re2 Qd8 46. Nd6 c5 47. Re8+ Qxe8 48. Nxe8 Rxc4 49. Nd6 Rc1 50. Kf2 Ke7 51. Ne4 Ke6 52. Ke3 Kd5 53. Bf7+ Kc6 54. Ne5+ Kb5 55. Nd3 1-0

[Event "CHN-chT"]
[Site "Hangzhou"]
[Date "2018.06.23"]
[Round "7.3"]
[White "Hou, Yifan B"]
[Black "Liu, Qingnan"]
[Result "0-1"]
[WhiteElo "1811"]
[BlackElo "2546"]
[PlyCount "80"]
[EventDate "2018.06.19"]
[EventType "team-swiss"]
[EventRounds "9"]
[EventCountry "CHN"]
[SourceTitle "CBM 185 Extra"]
[Source "ChessBase"]
[SourceDate "2018.07.29"]
[SourceVersion "1"]
[SourceVersionDate "2018.07.29"]
[SourceQuality "1"]
[WhiteTeam "Heilongjiang"]
[BlackTeam "Shandong"]
[WhiteTeamCountry "CHN"]
[BlackTeamCountry "CHN"]

1. d4 d6 2. Nf3 g6 3. c4 Bg7 4. g3 Nf6 5. Bg2 0-0 6. 0-0 Nc6 7. Nc3 a6 8. h3 Rb8 9. e4 b5 10. d5 Na5 11. cxb5 axb5 12. Nd4 b4 13. Nce2 Ba6 14. Qa4 c5 15. Nc6 Qd7 16. Re1 Nxc6 17. Qxc6 Qxc6 18. dxc6 e5 19. f4 Rfc8 20. fxe5 dxe5 21. a3 Rxc6 22. Be3 bxa3 23. bxa3 Rb3 24. Nc1 Rc3 25. a4 Bf8 26. Ra2 Bc4 27. Rb2 Ra3 28. Rb8 Kg7 29. Ra8 Ba6 30. g4 c4 31. g5 Nh5 32. Kh2 Bb4 33. Rd1 Rxe3 34. Rdd8 Nf6 35. Na2 Be1 36. Bf1 Rf3 37. Bg2 Ra3 38. Nc1 Bg3+ 39. Kg1 Ra1 40. gxf6+ Rxf6 0-1